000 00431nam a2200157Ia 4500
003 GCL
005 20240530100358.0
008 140319s9999 xx 000 0 eng d
040 _aGCL /
_cGCL
082 0 4 _a320.53
_bB R
100 1 _aBIALER, SEWERYN
245 1 0 _aSOURCES OF CONTEMPORARY RADICALISM /
_cBIALER, SEWERYN
260 _a[S.N] :
_bCOLUMBIA UNIVERSITY PRASS ،
_c1975
650 0 4 _aRADIATION CURING
942 _2ddc
_cBK
999 _c17138
_d17138